Word Ladder: 2-in-1 Quiz Stats

 Plays Quiz Updated Aug 5, 2012

Support Sporcle.
Go Orange.
Score 0/16 Timer 01:00
3 Plays Today
Ladder Word % Correct
Ladder #1SAME
96.6%
Ladder #2SAME
96.6%
Ladder #1FIRE
95.7%
Ladder #1TIME
95.6%
Ladder #1FORD
91.9%
Ladder #1FORE
91.2%
Ladder #1TAME
90.5%
Ladder #1TIRE
90.3%
Ladder Word % Correct
Ladder #2SALT
87.5%
Ladder #2HALT
84.5%
Ladder #1WORD
81.6%
Ladder #2WORD
81.6%
Ladder #2SALE
81.5%
Ladder #2WART
78.1%
Ladder #2WARD
68.3%
Ladder #2HART
67.1%

Today's Daily Dose

Quick Pick
Nissan Models

Get the Picture
Amazing Trees

From the Vault

US States: Same Largest City a Century Later

by ahlasny

History 10m
Congrats to these cities for holding on to the top spot for so long. Here's to another hundred years!
Remove Ads.
Support Sporcle.
Get the best of Sporcle when you Go Orange. This ad-free experience offers more features, more stats, and more fun while also helping to support Sporcle. Thank you for becoming a member.

Show Comments

Extras

Top Quizzes Today


Score Distribution

Your Account Isn't Verified!

In order to create a playlist on Sporcle, you need to verify the email address you used during registration. Go to your Sporcle Settings to finish the process.

Report this User

Report this user for behavior that violates our Community Guidelines.

Details: